LEADER 00962nam a2200253 u 4500 001 000000086211 003 CaOOAMICUS 005 20070226124255.0 008 050927s1957 it u000 u ita u 035 $a11060144 040 $aPUL(R)$bita 041 0 $aita$alat 100 1 $aArnaldi, Francesco,$d1897-1980.$0(OLS)http://pul/name/3684 245 10$aAntologia della poesia latina /$cFrancesco Arnaldi. 250 $a2. ed. 260 $aNapoli :$bIst. Ed. del Mezzogiorno,$c1957. 300 $av. <1- > ;$c22 cm 505 1 $av. 1. Da Nevio a Properzio. 650 4$aPoesia latina.$0(OLS)http://pul/subject/2184 850 $aPUL 852 $aPUL$W1$xDP1 Fondo Cecchetti$y53$m294 A 4(1)$j109473$nBK-PRI$b $qFondi$B109473$CPULBib$Z2$F109473 $HPUL3579 $81 941 1 $a1 996 $6245$aAntologia della poesia latina$9(OLS)http://pul/title/111758 996 $6260$aNapoli :$bIst. Ed. del Mezzogiorno$9(OLS)http://pul/publisher/77398 LEADER 01201nam a2200301 a 4500 001 000000123902 003 CaOOAMICUS 005 20101209110149.0 008 101209t2010 it u000 u ita r 020 $a978-88-13-29942-2 040 $aPUL$bita 082 04$a345.24 100 1 $aChelo, Andrea.$0(OLS)http://pul/name/78139 245 13$aIl mandato di arresto europeo /$cAndrea Chelo. 260 $aPadova :$bCEDAM,$c2010. 300 $aXXI, 415 p. ;$c24 cm. 490 1 $aProblemi attuali della giustizia penale ;$v36 504 $aBibliografia in nota. 650 4$aProcesso penale.$0(OLS)http://pul/subject/24333 830 0$aProblemi attuali della giustizia penale ;$v36.$0(OLS)http://pul/title/136569 850 $aPUL 852 $aPUL$W1$xSL Diritto e Scienze Sociali 3$y79$m345. 24 CHEAN 1$j142771$qDDC 21$B141710$CPULBib$Z2$F141710 $H115307 $82 941 1 $a9 996 $6020$a978-88-13-29942-2$9(OLS)http://pul/number/146073 996 $6082$a345.24$9(OLS)http://pul/classification/1783 996 $6245$aIl mandato di arresto europeo$9(OLS)http://pul/title/156190 996 $6260$aPadova :$bCEDAM$9(OLS)http://pul/publisher/48126